000 00710nam a2200193Ii 4500
003 JO-AjNU
008 230605s9999||||xx |||||||||||||| ||und||
040 _aJO-AjNU
_bara
_erda
_cJO-AjNU
041 _aara
050 1 4 _aQA76.73.B3.W5412 2003
100 3 _aويليت، ادورد ؛ ترجمة بدار الفاروق,
_eauthor
_944477
245 0 0 _aتطبيقات فيجوال بيسك=VISUAL Basic Applications
264 3 1 _aالقاهرة:دار الفاروق للنشر، 2003
300 _a255ص
336 _atext
_btxt
_2rdacontent
337 _aunmediated
_bn
_2rdamedia
338 _avolume
_bnc
_2rdacarrier
650 4 _aلغة بيسك-الحاسبات الالكترونية-لغات
_944478
999 _aA19208
_c22776
_d22776